[Event "AUT-chT2W 2223"]
[Site "Austria"]
[Date "2023.04.21"]
[Round "9.4"]
[White "Hofer, Emilian"]
[Black "Brumen, Dinko"]
[Result "0-1"]
[WhiteElo "2244"]
[BlackElo "2299"]
[PlyCount "68"]
[EventDate "2022.09.23"]
[EventType "team-tourn"]
[EventRounds "11"]
[EventCountry "AUT"]
[SourceTitle "EXT 2024"]
[Source "ChessBase"]
[SourceDate "2023.10.10"]
[SourceVersion "1"]
[SourceVersionDate "2023.10.10"]
[SourceQuality "1"]
[WhiteTeam "Hohenems II"]
[BlackTeam "Schwarzach"]
[WhiteTeamCountry "AUT"]
[BlackTeamCountry "AUT"]

1. e4 c5 2. Nf3 d6 3. d4 cxd4 4. Nxd4 Nf6 5. Nc3 Bd7 6. Be3 Nc6 7. f3 a6 8. Qd2 e5 9. Nb3 Be7 10. Nd5 Nxd5 11. exd5 Nb8 12. a4 0-0 13. a5 f5 14. 0-0-0 Ba4 15. Bb6 Qc8 16. Qb4 Bxb3 17. Qxb3 Nd7 18. Bf2 Qc7 19. Qa3 Rac8 20. c3 e4 21. f4 Bd8 22. Bd4 Qxa5 23. Qxd6 Qa1+ 24. Kc2 Qa4+ 25. Kd2 Bf6 26. Be3 Rfd8 27. Qe6+ Kh8 28. Ke1 b5 29. Be2 Nc5 30. Qxf5 Qb3 31. Kf2 Qxb2 32. Rd2 Qxc3 33. Rhd1 b4 34. g4 Bh4+ 0-1

[Event "AUT-chT2W 2223"]
[Site "Austria"]
[Date "2023.01.21"]
[Round "7.3"]
[White "Hofer, Emilian"]
[Black "Wischounig, Laurin"]
[Result "1-0"]
[WhiteElo "2244"]
[BlackElo "1959"]
[PlyCount "77"]
[EventDate "2022.09.23"]
[EventType "team-tourn"]
[EventRounds "11"]
[EventCountry "AUT"]
[SourceTitle "CBM 213 Extra"]
[Source "ChessBase"]
[SourceDate "2023.05.31"]
[SourceVersion "1"]
[SourceVersionDate "2023.05.31"]
[SourceQuality "1"]
[WhiteTeam "Hohenems II"]
[BlackTeam "Jenbach II"]
[WhiteTeamCountry "AUT"]
[BlackTeamCountry "AUT"]

1. e4 c6 2. d4 d5 3. e5 Bf5 4. Be3 e6 5. Nd2 Nd7 6. Ngf3 Ne7 7. Be2 c5 8. dxc5 Qc7 9. Nb3 Nxe5 10. Nxe5 Qxe5 11. Nd4 a6 12. 0-0 Nc6 13. c3 Be7 14. b4 0-0 15. a4 Bg6 16. Qd2 Qc7 17. f4 Rfe8 18. Bf3 Rad8 19. Nxc6 bxc6 20. Bd4 Bf6 21. Rae1 Ra8 22. Bxf6 gxf6 23. g4 f5 24. g5 a5 25. h4 f6 26. h5 Bf7 27. gxf6 Kh8 28. Kh1 axb4 29. cxb4 Rxa4 30. Rg1 Qb8 31. Rg7 Qxb4 32. Qxb4 Rxb4 33. Rxf7 Rxf4 34. Kg2 Kg8 35. Rg7+ Kh8 36. h6 Rf8 37. Rxe6 Rh4 38. f7 Rxh6 39. Rg8+ 1-0

[Event "AUT-chT2W 2223"]
[Site "Austria"]
[Date "2022.11.12"]
[Round "4.5"]
[White "Zwein, Bernhard"]
[Black "Hofer, Emilian"]
[Result "1/2-1/2"]
[WhiteElo "1943"]
[BlackElo "2244"]
[PlyCount "78"]
[EventDate "2022.09.23"]
[EventType "team-tourn"]
[EventRounds "11"]
[EventCountry "AUT"]
[SourceTitle "CBM 213 Extra"]
[Source "ChessBase"]
[SourceDate "2023.05.31"]
[SourceVersion "1"]
[SourceVersionDate "2023.05.31"]
[SourceQuality "1"]
[WhiteTeam "Salzburg Royal"]
[BlackTeam "Hohenems II"]
[WhiteTeamCountry "AUT"]
[BlackTeamCountry "AUT"]

1. d4 d5 2. c4 c6 3. Nf3 Nf6 4. Nc3 dxc4 5. a4 Bf5 6. e3 e6 7. Bxc4 Bb4 8. 0-0 Nbd7 9. Qe2 Bg6 10. Rd1 0-0 11. Ne5 Qe7 12. Nxg6 hxg6 13. e4 e5 14. d5 a5 15. Bg5 Rfd8 16. Rac1 Bc5 17. Qc2 Bd4 18. h3 Nc5 19. Kh1 Qc7 20. Bxf6 gxf6 21. dxc6 bxc6 22. f3 Rab8 23. b3 Kg7 24. Ne2 Be3 25. Rxd8 Rxd8 26. Rd1 Rd6 27. Nc3 Qd8 28. Rxd6 Qxd6 29. Qd1 Qd4 30. Qxd4 Bxd4 31. Ne2 Be3 32. g4 Nb7 33. Kg2 Nd6 34. Bd3 Bd2 35. Kf2 Bb4 36. h4 Bc5+ 37. Kg2 Bb4 38. Kf2 Bc5+ 39. Kg2 Bb4 1/2-1/2

[Event "AUT-chT2W 2122"]
[Site "Austria"]
[Date "2022.06.05"]
[Round "8.2"]
[White "Marcelin, Cyril"]
[Black "Hofer, Emilian"]
[Result "1-0"]
[WhiteElo "2432"]
[BlackElo "2228"]
[PlyCount "67"]
[EventDate "2021.10.15"]
[EventType "team-tourn"]
[EventRounds "11"]
[EventCountry "AUT"]
[SourceTitle "EXT 2023"]
[Source "ChessBase"]
[SourceDate "2022.10.05"]
[SourceVersion "1"]
[SourceVersionDate "2022.10.05"]
[SourceQuality "1"]
[WhiteTeam "Schach ohne Grenzen"]
[BlackTeam "Hohenems II"]
[WhiteTeamCountry "AUT"]
[BlackTeamCountry "AUT"]

1. e4 e5 2. Nf3 Nc6 3. Bc4 Nf6 4. d3 Be7 5. 0-0 0-0 6. Re1 d6 7. a4 Be6 8. a5 b6 9. a6 Na5 10. Bxe6 fxe6 11. b4 Nc6 12. b5 Nd4 13. Nxd4 exd4 14. Bb2 e5 15. c3 dxc3 16. Nxc3 d5 17. Nxd5 Nxd5 18. Qb3 Bc5 19. Re2 Qh4 20. Qxd5+ Kh8 21. Rf1 Rae8 22. Rc2 Qh5 23. d4 Bd6 24. dxe5 Bc5 25. Rxc5 bxc5 26. Qxc5 Qe2 27. Bd4 Rd8 28. e6 Rfe8 29. Qe5 Re7 30. f4 Qd3 31. Bxa7 Qe2 32. Bd4 c5 33. Bxc5 Rd1 34. Qb8+ 1-0

[Event "AUT-chT 2122"]
[Site "Austria"]
[Date "2021.11.07"]
[Round "4.4"]
[White "Walter, Stefan"]
[Black "Hofer, Emilian"]
[Result "1/2-1/2"]
[WhiteElo "2382"]
[BlackElo "2235"]
[PlyCount "143"]
[EventDate "2021.11.04"]
[EventType "team-tourn"]
[EventRounds "11"]
[EventCountry "AUT"]
[SourceTitle "CBM 205 Extra"]
[Source "ChessBase"]
[SourceDate "2022.01.31"]
[SourceVersion "1"]
[SourceVersionDate "2022.01.31"]
[SourceQuality "1"]
[WhiteTeam "Goetzis"]
[BlackTeam "Hohenems"]
[WhiteTeamCountry "AUT"]
[BlackTeamCountry "AUT"]

1. d4 d5 2. Nf3 Nf6 3. c3 e6 4. Bf4 c5 5. e3 Nc6 6. Nbd2 cxd4 7. exd4 Nh5 8. Be3 Bd6 9. g3 Nf6 10. Bh3 0-0 11. 0-0 b5 12. Re1 a5 13. Rc1 Ba6 14. Nh4 Rc8 15. Bf1 Re8 16. a4 Rb8 17. Ng2 Qe7 18. Bd3 Qb7 19. Qe2 e5 20. Qf1 Re6 21. Red1 exd4 22. Bxd4 Nxd4 23. cxd4 Bf8 24. Nf4 Rb6 25. axb5 Bxb5 26. Bxb5 Rxb5 27. Nd3 Qb6 28. Nf3 Ne4 29. Nfe5 Nf6 30. Nc6 Re8 31. Rc2 h6 32. Rdc1 Bd6 33. Qh3 Rb3 34. Qf5 Qb5 35. Rc3 Rxc3 36. Rxc3 Bb4 37. Rc2 Qa4 38. Nde5 Qa1+ 39. Kg2 Qe1 40. f3 Bf8 41. Qd3 a4 42. Re2 Qc1 43. Qa6 Qd1 44. Rf2 Bd6 45. Qb7 Rf8 46. h4 a3 47. bxa3 Bxa3 48. Qc7 Qa4 49. g4 Qb5 50. Ra2 Qb3 51. Re2 Qd1 52. Rf2 Qa4 53. Qb7 Bd6 54. Nd7 Nxd7 55. Qxd7 Qa3 56. h5 Kh8 57. Nd8 Kg8 58. Nb7 Bf4 59. Qxd5 Be3 60. Qa2 Qxa2 61. Rxa2 Bxd4 62. Nd6 Be5 63. Nf5 Rb8 64. Kf2 Rb2+ 65. Rxb2 Bxb2 66. Ke3 Bc1+ 67. Ke4 g6 68. Nd6 Ba3 69. Nc4 Be7 70. Ne5 Kg7 71. Nd7 Ba3 72. f4 1/2-1/2

[Event "AUT-chT 2122"]
[Site "Austria"]
[Date "2021.11.06"]
[Round "3.4"]
[White "Hofer, Emilian"]
[Black "Diermair, Andreas"]
[Result "0-1"]
[WhiteElo "2235"]
[BlackElo "2494"]
[PlyCount "76"]
[EventDate "2021.11.04"]
[EventType "team-tourn"]
[EventRounds "11"]
[EventCountry "AUT"]
[SourceTitle "CBM 205 Extra"]
[Source "ChessBase"]
[SourceDate "2022.01.31"]
[SourceVersion "1"]
[SourceVersionDate "2022.01.31"]
[SourceQuality "1"]
[WhiteTeam "Hohenems"]
[BlackTeam "Raika Feffernitz"]
[WhiteTeamCountry "AUT"]
[BlackTeamCountry "AUT"]

1. e4 c6 2. d4 d5 3. Nc3 dxe4 4. Nxe4 Nf6 5. Nxf6+ exf6 6. c3 Bd6 7. Bd3 0-0 8. Be3 Re8 9. Ne2 Nd7 10. Qc2 Nf8 11. 0-0-0 Qa5 12. a3 b5 13. Rhe1 Be6 14. Bf4 Qc7 15. Bxd6 Qxd6 16. Ng3 a5 17. Ne4 Qxh2 18. Ng3 Qh6+ 19. Kb1 g6 20. Rh1 Qf4 21. Ne4 Bd5 22. f3 Nd7 23. Rdf1 f5 24. g3 Qe3 25. Nd6 Re7 26. Bxf5 Nf6 27. Nc8 Rxc8 28. Bxc8 Bxf3 29. Rh4 Be4 30. Rxe4 Nxe4 31. Rd1 Nd6 32. Bh3 Qxg3 33. Bg2 Nc4 34. Bxc6 Qd6 35. Bxb5 Ne3 36. Qd3 Nxd1 37. Qxd1 h5 38. Be2 h4 0-1

[Event "AUT-chT2W 2122"]
[Site "Austria"]
[Date "2021.10.16"]
[Round "2.4"]
[White "Hofer, Emilian"]
[Black "Donev, Ivo Hristov"]
[Result "1-0"]
[WhiteElo "2228"]
[BlackElo "2302"]
[PlyCount "45"]
[EventDate "2021.10.15"]
[EventType "team-tourn"]
[EventRounds "11"]
[EventCountry "AUT"]
[SourceTitle "CBM 204 Extra"]
[Source "ChessBase"]
[SourceDate "2021.11.30"]
[SourceVersion "1"]
[SourceVersionDate "2021.11.30"]
[SourceQuality "1"]
[WhiteTeam "Hohenems II"]
[BlackTeam "Wolfurt"]
[WhiteTeamCountry "AUT"]
[BlackTeamCountry "AUT"]

1. e4 e6 2. d4 d5 3. Nd2 dxe4 4. Nxe4 Nd7 5. Nf3 Ngf6 6. Nxf6+ Nxf6 7. c3 c5 8. Be3 cxd4 9. Bxd4 Be7 10. Bd3 0-0 11. Qc2 h6 12. 0-0-0 Qa5 13. Kb1 b6 14. Ne5 Bb7 15. Nc4 Qh5 16. f3 Rfd8 17. h4 Rxd4 18. cxd4 Qd5 19. Ne5 Rc8 20. Qe2 Rd8 21. g4 Kf8 22. g5 Ng8 23. Be4 1-0

[Event "AUT-chT2W 2021"]
[Site "Austria"]
[Date "2020.10.09"]
[Round "1.3"]
[White "Hasovic, Rasim"]
[Black "Hofer, Emilian"]
[Result "0-1"]
[WhiteElo "1843"]
[BlackElo "2211"]
[PlyCount "142"]
[EventDate "2020.10.09"]
[EventType "team-tourn"]
[EventRounds "11"]
[EventCountry "AUT"]
[SourceTitle "CBM 199 Extra"]
[Source "ChessBase"]
[SourceDate "2021.01.31"]
[SourceVersion "1"]
[SourceVersionDate "2021.01.31"]
[SourceQuality "1"]
[WhiteTeam "Hoerbranz"]
[BlackTeam "Hohenems II"]
[WhiteTeamCountry "AUT"]
[BlackTeamCountry "AUT"]

1. d4 d5 2. Nf3 Nf6 3. e3 Bf5 4. c4 c6 5. Nc3 e6 6. Bd3 Bg6 7. 0-0 Nbd7 8. b3 Bb4 9. Bb2 0-0 10. a3 Bd6 11. h3 Ne4 12. Qc2 f5 13. Ne2 Qf6 14. Nf4 Bf7 15. a4 Bc7 16. b4 g5 17. Ne2 Bg6 18. Nh2 g4 19. f4 gxh3 20. Bxe4 fxe4 21. g4 Rac8 22. a5 a6 23. c5 Qg7 24. Ng3 Nf6 25. Kh1 Kh8 26. Qe2 Qf7 27. Rf2 h5 28. Rg1 Rg8 29. Bc3 Rg7 30. Be1 hxg4 31. Nxg4 Nxg4 32. Qxg4 Bf5 33. Qh5+ Qxh5 34. Nxh5 Rxg1+ 35. Kxg1 Rg8+ 36. Kh2 Bd8 37. Rd2 Kh7 38. Ng3 Bg4 39. Rb2 Kh6 40. Rd2 Kh7 41. Rb2 Rg6 42. Rd2 Kg8 43. Rb2 Kf7 44. Rd2 Bf3 45. Bf2 Bg2 46. Be1 Bh4 47. Bf2 Bxg3+ 48. Bxg3 Kf6 49. Rf2 Kf5 50. Bh4 Rg7 51. Bd8 Rd7 52. Bg5 e5 53. dxe5 d4 54. Rd2 d3 55. Bh4 Rh7 56. Bg3 Bf1 57. Rb2 Rh6 58. Be1 Be2 59. Bc3 Kg4 60. Bd4 Rg6 61. Rd2 Kf3 62. f5 Rg2+ 63. Kxh3 Rg5 64. Kh4 Rxf5 65. e6 Kg2 66. Rxe2+ dxe2 67. Bc3 Rf8 68. Kg5 Kf2 69. e7 Rc8 70. Kf6 e1Q 71. Bxe1+ Kxe1 0-1

[Event "Innsbruck op 4th"]
[Site "Innsbruck"]
[Date "2020.08.28"]
[Round "8"]
[White "Hofer, Emilian"]
[Black "Fischer, Daniel1111"]
[Result "1/2-1/2"]
[WhiteElo "2211"]
[BlackElo "2331"]
[PlyCount "77"]
[EventDate "2020.08.22"]
[EventType "swiss"]
[EventRounds "9"]
[EventCountry "AUT"]
[SourceTitle "CBM 198 Extra"]
[Source "ChessBase"]
[SourceDate "2020.11.30"]
[SourceVersion "1"]
[SourceVersionDate "2020.11.30"]
[SourceQuality "1"]

1. e4 e5 2. Nf3 Nc6 3. Bb5 a6 4. Ba4 Nf6 5. 0-0 b5 6. Bb3 Bc5 7. c3 d6 8. a4 Rb8 9. d4 Bb6 10. a5 Ba7 11. h3 0-0 12. Re1 h6 13. Be3 Ra8 14. Nbd2 Re8 15. Bc2 Bb7 16. d5 Ne7 17. c4 c6 18. b3 b4 19. Bxa7 Rxa7 20. Nf1 c5 21. Nh4 g6 22. Ng3 Bc8 23. Qd2 g5 24. Nhf5 Nxf5 25. exf5 Nh7 26. Qd1 Qe7 27. Qf3 Rd8 28. Re3 Bd7 29. Rae1 f6 30. Bd3 Be8 31. Be2 Bf7 32. Nh5 Re8 33. Re4 Rd7 34. Qg4 Qd8 35. Ra1 Qc8 36. Qf3 Ree7 37. g4 Bxh5 38. gxh5 Rg7 39. Qg4 1/2-1/2

[Event "AUT-chT2W 1920"]
[Site "Austria"]
[Date "2020.03.07"]
[Round "10.3"]
[White "Kranebitter, Gerhard"]
[Black "Hofer, Emilian"]
[Result "1/2-1/2"]
[WhiteElo "2032"]
[BlackElo "2192"]
[PlyCount "51"]
[EventDate "2019.10.04"]
[EventType "team-tourn"]
[EventRounds "11"]
[EventCountry "AUT"]
[SourceTitle "CBM 195 Extra"]
[Source "ChessBase"]
[SourceDate "2020.05.31"]
[SourceVersion "1"]
[SourceVersionDate "2020.05.31"]
[SourceQuality "1"]
[WhiteTeam "Rochade Rum"]
[BlackTeam "Hohenems II"]
[WhiteTeamCountry "AUT"]
[BlackTeamCountry "AUT"]

1. e4 e5 2. Nf3 Nc6 3. d4 exd4 4. Nxd4 Nf6 5. Nxc6 bxc6 6. e5 Qe7 7. Qe2 Nd5 8. c4 Nb6 9. f4 Qe6 10. Nc3 a5 11. Be3 Ba6 12. Bxb6 cxb6 13. 0-0-0 Be7 14. g4 f6 15. exf6 Qxe2 16. Bxe2 gxf6 17. h4 0-0-0 18. Bd3 h6 19. b3 Kc7 20. Bf5 Bd6 21. Rhf1 Ba3+ 22. Kc2 d5 23. Be6 Rhe8 24. f5 Be7 25. Rfe1 d4 26. Ne2 1/2-1/2

[Event "AUT-chT2W 1920"]
[Site "Austria"]
[Date "2020.01.18"]
[Round "7.3"]
[White "Hofer, Emilian"]
[Black "Brumen, Dinko"]
[Result "0-1"]
[WhiteElo "2192"]
[BlackElo "2317"]
[PlyCount "100"]
[EventDate "2019.10.04"]
[EventType "team-tourn"]
[EventRounds "11"]
[EventCountry "AUT"]
[SourceTitle "CBM 195 Extra"]
[Source "ChessBase"]
[SourceDate "2020.05.31"]
[SourceVersion "1"]
[SourceVersionDate "2020.05.31"]
[SourceQuality "1"]
[WhiteTeam "Hohenems II"]
[BlackTeam "Schwarzach"]
[WhiteTeamCountry "AUT"]
[BlackTeamCountry "AUT"]

1. e4 e6 2. d4 d5 3. Nd2 h6 4. Ngf3 Nf6 5. e5 Nfd7 6. Bd3 c5 7. c3 Nc6 8. 0-0 Qb6 9. dxc5 Bxc5 10. Qe2 a5 11. Nb3 Be7 12. Nbd4 g5 13. h3 Rg8 14. a4 h5 15. g4 Nc5 16. Bc2 Bd7 17. Nb5 Na7 18. Nfd4 Nxb5 19. axb5 Ne4 20. Bxe4 dxe4 21. Qxe4 hxg4 22. hxg4 Bc5 23. Be3 Bxd4 24. Qxd4 Qxb5 25. Qc5 Qe2 26. f3 Rc8 27. Rf2 Rxc5 28. Rxe2 Rxe5 29. Ree1 Bc6 30. Kg2 f5 31. Bd4 Rxe1 32. Rxe1 fxg4 33. Rxe6+ Kd7 34. Re5 gxf3+ 35. Kg3 a4 36. Kg4 Rf8 37. Rf5 Re8 38. Kxg5 Re2 39. c4 Rd2 40. Bc5 Rg2+ 41. Kf4 Rxb2 42. Ke5 Re2+ 43. Kd4 Ke6 44. Rf8 Re5 45. Bb6 a3 46. Kd3 a2 47. Bd4 Re1 48. Ra8 Rd1+ 49. Ke3 Rxd4 50. Kxd4 f2 0-1

[Event "Oberliga Wuerttemberg 1920"]
[Site "Wuerttemberg"]
[Date "2019.12.01"]
[Round "4.6"]
[White "Hofer, Emilian"]
[Black "Bauer, Peter"]
[Result "1-0"]
[WhiteElo "2179"]
[BlackElo "2124"]
[PlyCount "79"]
[EventDate "2019.09.15"]
[EventType "team-tourn"]
[EventRounds "9"]
[EventCountry "GER"]
[SourceTitle "EXT 2021"]
[Source "ChessBase"]
[SourceDate "2020.10.23"]
[SourceVersion "1"]
[SourceVersionDate "2020.10.23"]
[SourceQuality "1"]
[WhiteTeam "Jedesheim"]
[BlackTeam "Boeblingen"]
[WhiteTeamCountry "GER"]
[BlackTeamCountry "GER"]

1. e4 e5 2. Nf3 Nc6 3. Bb5 a6 4. Ba4 Nf6 5. 0-0 Be7 6. Re1 b5 7. Bb3 0-0 8. a4 Bb7 9. d3 d6 10. Nc3 b4 11. Ne2 Na5 12. Ba2 c5 13. Ng3 Bc8 14. Nd2 Be6 15. Nc4 Nxc4 16. Bxc4 Qd7 17. Be3 d5 18. Ba2 d4 19. Bd2 Rab8 20. f4 Bd6 21. f5 Bxa2 22. Rxa2 b3 23. cxb3 Qb7 24. b4 cxb4 25. Bg5 b3 26. Ra1 Be7 27. Rc1 Rbc8 28. Qe2 h6 29. Bd2 Rc2 30. Rxc2 bxc2 31. Bc1 Qb3 32. a5 Bb4 33. Rf1 Rc8 34. Nh5 Nxh5 35. Qxh5 Qxd3 36. f6 g6 37. Qxh6 Bf8 38. Qh4 Qd1 39. Qh3 Bc5 40. Qxc8+ 1-0

[Event "Oberliga Wuerttemberg 1920"]
[Site "Wuerttemberg"]
[Date "2019.10.13"]
[Round "2.6"]
[White "Hofer, Emilian"]
[Black "Tschlatscher, Thomas"]
[Result "1-0"]
[WhiteElo "2179"]
[BlackElo "2155"]
[PlyCount "81"]
[EventDate "2019.09.15"]
[EventType "team-tourn"]
[EventRounds "9"]
[EventCountry "GER"]
[SourceTitle "EXT 2021"]
[Source "ChessBase"]
[SourceDate "2020.10.23"]
[SourceVersion "1"]
[SourceVersionDate "2020.10.23"]
[SourceQuality "1"]
[WhiteTeam "Jedesheim"]
[BlackTeam "Heilbronn"]
[WhiteTeamCountry "GER"]
[BlackTeamCountry "GER"]

1. e4 e5 2. Nf3 Nc6 3. Bb5 a6 4. Ba4 Nf6 5. 0-0 b5 6. Bb3 Be7 7. Re1 0-0 8. a4 b4 9. d3 d6 10. h3 Na5 11. Ba2 c5 12. Nbd2 Rb8 13. Nc4 Nc6 14. Ne3 Ne8 15. Nd5 Be6 16. Nxe7+ Qxe7 17. Nd2 Bxa2 18. Rxa2 f5 19. Ra1 f4 20. c3 Kh8 21. Nf3 Nc7 22. d4 a5 23. dxe5 dxe5 24. Qe2 Qe6 25. Rd1 Rfd8 26. Bd2 c4 27. Be1 h6 28. Rxd8+ Nxd8 29. Rc1 bxc3 30. Bxc3 Nc6 31. Be1 Nb4 32. Qxc4 Qxc4 33. Rxc4 Ne8 34. Nxe5 Nd6 35. Rd4 Re8 36. Bxb4 axb4 37. Rxd6 Rxe5 38. Rd4 Rg5 39. Rxb4 f3 40. g4 h5 41. Rb5 1-0

[Event "AUT-chT2W 1920"]
[Site "Austria"]
[Date "2019.10.04"]
[Round "1.3"]
[White "Hofer, Emilian"]
[Black "Donev, Ivo Hristov"]
[Result "1/2-1/2"]
[WhiteElo "2192"]
[BlackElo "2319"]
[PlyCount "94"]
[EventDate "2019.10.04"]
[EventType "team-tourn"]
[EventRounds "11"]
[EventCountry "AUT"]
[SourceTitle "CBM 192 Extra"]
[Source "Chessbase"]
[SourceDate "2019.11.06"]
[SourceVersion "1"]
[SourceVersionDate "2019.11.06"]
[SourceQuality "1"]
[WhiteTeam "Hohenems II"]
[BlackTeam "Wolfurt"]
[WhiteTeamCountry "AUT"]
[BlackTeamCountry "AUT"]

1. e4 e6 2. d4 d5 3. Nd2 dxe4 4. Nxe4 Nd7 5. Nf3 Ngf6 6. Bd3 c5 7. Nxf6+ Nxf6 8. Be3 Nd5 9. 0-0 Be7 10. c3 0-0 11. Qe2 b6 12. dxc5 bxc5 13. Rad1 Qc7 14. Bg5 Bxg5 15. Nxg5 h6 16. Nf3 Nf4 17. Qe4 Nxd3 18. Qxd3 Bb7 19. Qe3 Rfd8 20. h3 Bd5 21. a3 Qb7 22. b4 cxb4 23. cxb4 Rac8 24. Rc1 Bxf3 25. Qxf3 Qxf3 26. gxf3 Kf8 27. Kg2 Ke7 28. Rfe1 Kf6 29. Red1 Rxd1 30. Rxd1 Rc3 31. a4 Ra3 32. a5 Ke7 33. Rc1 Kd7 34. Rd1+ Kc7 35. Rc1+ Kb7 36. Rd1 Rc3 37. Rd7+ Rc7 38. Rd6 a6 39. Kg3 Ka7 40. Kg2 Rb7 41. Rd4 Kb8 42. Rd6 Ka7 43. Rd4 Rc7 44. Kg3 Kb8 45. Rd6 Rb7 46. Rxa6 Rxb4 47. Rd6 Kb7 1/2-1/2

[Event "Oberliga Wuerttemberg 1920"]
[Site "Wuerttemberg"]
[Date "2019.09.15"]
[Round "1.7"]
[White "Hofer, Emilian"]
[Black "Gheng, Dominik"]
[Result "1-0"]
[WhiteElo "2179"]
[BlackElo "2063"]
[PlyCount "67"]
[EventDate "2019.09.15"]
[EventType "team-tourn"]
[EventRounds "9"]
[EventCountry "GER"]
[SourceTitle "EXT 2021"]
[Source "ChessBase"]
[SourceDate "2020.10.23"]
[SourceVersion "1"]
[SourceVersionDate "2020.10.23"]
[SourceQuality "1"]
[WhiteTeam "Jedesheim"]
[BlackTeam "Deizisau"]
[WhiteTeamCountry "GER"]
[BlackTeamCountry "GER"]

1. e4 e5 2. Nf3 Nc6 3. Bb5 a6 4. Ba4 Nf6 5. 0-0 b5 6. Bb3 Bc5 7. a4 Rb8 8. c3 Bb6 9. d4 0-0 10. dxe5 Nxe4 11. Qd5 Nc5 12. Bc2 Bb7 13. Qd1 Ne6 14. axb5 axb5 15. Qd3 g6 16. Bh6 Re8 17. Nbd2 Nc5 18. Qe2 d5 19. Rad1 Ba6 20. b4 Nd7 21. Bf4 f6 22. Bb3 Ndxe5 23. Ne4 Nc4 24. Rxd5 Qe7 25. Re1 Qf7 26. Qd1 f5 27. Neg5 Qf6 28. Rxe8+ Rxe8 29. Rd7 Ne7 30. Rd8 Qf8 31. Rxe8 Qxe8 32. Qe2 h6 33. Bxc4+ bxc4 34. Qe6+ 1-0

[Event "Innsbruck op 3rd"]
[Site "Innsbruck"]
[Date "2019.09.01"]
[Round "9"]
[White "Hofer, Emilian"]
[Black "Efroimski, Marsel"]
[Result "1/2-1/2"]
[WhiteElo "2191"]
[BlackElo "2318"]
[PlyCount "51"]
[EventDate "2019.08.25"]
[EventType "swiss"]
[EventRounds "9"]
[EventCountry "AUT"]
[SourceTitle "EXT 2020"]
[Source "ChessBase"]
[SourceDate "2019.10.17"]
[SourceVersion "1"]
[SourceVersionDate "2019.10.17"]
[SourceQuality "1"]

1. e4 c5 2. Nf3 Nc6 3. d4 cxd4 4. Nxd4 g6 5. c4 Bg7 6. Be3 Nf6 7. Nc3 0-0 8. Be2 b6 9. 0-0 Bb7 10. Nxc6 Bxc6 11. f3 e6 12. Qd6 Qb8 13. Qd2 Ne8 14. Rac1 f5 15. Bd3 Be5 16. h3 Ng7 17. exf5 Nxf5 18. Bxf5 Rxf5 19. Ne2 Rh5 20. Bf4 Qf8 21. Bxe5 Rxe5 22. Nd4 Bb7 23. Nb5 Qc5+ 24. Qd4 a6 25. Qxc5 Rxc5 26. Nd6 1/2-1/2

[Event "Innsbruck op 3rd"]
[Site "Innsbruck"]
[Date "2019.08.30"]
[Round "8"]
[White "Bai, Adelard"]
[Black "Hofer, Emilian"]
[Result "1/2-1/2"]
[WhiteElo "2033"]
[BlackElo "2191"]
[PlyCount "50"]
[EventDate "2019.08.25"]
[EventType "swiss"]
[EventRounds "9"]
[EventCountry "AUT"]
[SourceTitle "EXT 2020"]
[Source "ChessBase"]
[SourceDate "2019.10.17"]
[SourceVersion "1"]
[SourceVersionDate "2019.10.17"]
[SourceQuality "1"]

1. d4 d5 2. c4 c6 3. cxd5 cxd5 4. Nc3 Nf6 5. Bf4 Nc6 6. e3 a6 7. Be2 Ne4 8. Nf3 Nxc3 9. bxc3 g6 10. 0-0 Bg7 11. c4 0-0 12. c5 f6 13. Rb1 Kh8 14. Bg3 Qd7 15. Nd2 e5 16. dxe5 fxe5 17. e4 Qf7 18. f4 Qe7 19. fxe5 Qxc5+ 20. Bf2 d4 21. Nf3 Qe7 22. Bh4 Qc5 23. Rc1 Qb6 24. Rb1 Qc5 25. Rc1 Qb6 1/2-1/2

[Event "Innsbruck op 3rd"]
[Site "Innsbruck"]
[Date "2019.08.29"]
[Round "7"]
[White "Hofer, Emilian"]
[Black "Chittka, Julius"]
[Result "0-1"]
[WhiteElo "2191"]
[BlackElo "2317"]
[PlyCount "120"]
[EventDate "2019.08.25"]
[EventType "swiss"]
[EventRounds "9"]
[EventCountry "AUT"]
[SourceTitle "EXT 2020"]
[Source "ChessBase"]
[SourceDate "2019.10.17"]
[SourceVersion "1"]
[SourceVersionDate "2019.10.17"]
[SourceQuality "1"]

1. e4 c5 2. Nf3 Nc6 3. d4 cxd4 4. Nxd4 Nf6 5. Nc3 e5 6. Ndb5 d6 7. Bg5 a6 8. Na3 Be6 9. Nc4 Rb8 10. Ne3 Be7 11. Bxf6 Bxf6 12. Ncd5 Bg5 13. c3 Ne7 14. Bc4 Nxd5 15. Nxd5 Qd7 16. 0-0 0-0 17. Bb3 Kh8 18. Qe2 g6 19. Rad1 Bd8 20. Ne3 b5 21. Rd3 Bb6 22. Rfd1 Rbd8 23. Qd2 Bc5 24. Bxe6 fxe6 25. b4 Bxe3 26. Qxe3 Qc6 27. f3 Rd7 28. h3 Kg7 29. Kh2 h6 30. a3 Qc7 31. Kh1 g5 32. Qe1 Kg6 33. Qg3 Rf4 34. Qe1 Kf7 35. Qe3 Ke7 36. Qd2 Qb6 37. Kh2 Rf8 38. Kh1 Rg8 39. Qe3 Qxe3 40. Rxe3 h5 41. Kg1 a5 42. Kf2 Ra8 43. Red3 axb4 44. axb4 Ra2+ 45. R1d2 Rxd2+ 46. Rxd2 Ra7 47. Ke3 Ra3 48. Kd3 d5 49. Kc2 Kd6 50. Kb2 Ra7 51. Rd1 Rf7 52. Ra1 dxe4 53. Rd1+ Kc7 54. Re1 exf3 55. gxf3 Kd6 56. Rd1+ Ke7 57. Re1 Rxf3 58. Rxe5 Rf5 59. Re3 g4 60. Kb3 Kf6 0-1

[Event "Innsbruck op 3rd"]
[Site "Innsbruck"]
[Date "2019.08.27"]
[Round "4"]
[White "Kruckenhauser, Arthur"]
[Black "Hofer, Emilian"]
[Result "1/2-1/2"]
[WhiteElo "2096"]
[BlackElo "2191"]
[PlyCount "70"]
[EventDate "2019.08.25"]
[EventType "swiss"]
[EventRounds "9"]
[EventCountry "AUT"]
[SourceTitle "EXT 2020"]
[Source "ChessBase"]
[SourceDate "2019.10.17"]
[SourceVersion "1"]
[SourceVersionDate "2019.10.17"]
[SourceQuality "1"]

1. e4 e5 2. Nf3 Nc6 3. Bc4 Nf6 4. d3 Be7 5. 0-0 0-0 6. Re1 d6 7. a4 Be6 8. a5 a6 9. Nc3 Re8 10. h3 Bf8 11. Bg5 h6 12. Bxf6 Qxf6 13. Nd5 Qd8 14. c3 Nb8 15. Qb3 Qc8 16. Rad1 Nd7 17. d4 c6 18. Ne3 Bxc4 19. Nxc4 Qc7 20. Nb6 Nxb6 21. axb6 Qe7 22. Rd3 Rad8 23. dxe5 dxe5 24. Red1 Rxd3 25. Rxd3 Rb8 26. Qd1 Qf6 27. Rd7 Bc5 28. Qb3 Qf4 29. Qc4 Bxb6 30. Qb3 Bc5 31. Rxb7 Rxb7 32. Qxb7 Qc1+ 33. Kh2 Qf4+ 34. Kg1 Qc1+ 35. Kh2 Qf4+ 1/2-1/2